deutsche Landesverbände (Fußball) - Statistiken

Allgemein
  • Dieses Quiz wurde 56 mal gespielt
  • Das Durchschnittsergebnis liegt bei 7 aus 21
Antwortstatistiken
Abkürzung Landesverband % Korrekt
BFV Berliner Fußball-Verband
74%
BFV Bremer Fußball-Verband
53%
HFV Hamburger Fußball-Verband
51%
HFV Hessischer Fußball-Verband
51%
BFV Bayerischer Fußball-Verband
47%
BFV Badischer Fußballverband
45%
NFV Niedersächsischer Fußballverband
43%
SFV Sächsischer Fußball-Verband
38%
SHFV Schleswig-Holsteinischer Fußballverband
38%
TFV Thüringer Fußball-Verband
38%
SBFV Südbadischer Fußball-Verband
34%
FVN Fußballverband Niederrhein
32%
SFV Saarländischer Fußballverband
32%
WFV Württembergischer Fußball-Verband
32%
FVM Fußball-Verband Mittelrhein
26%
FVR Fußballverband Rheinland
23%
FSA Fußballverband Sachsen-Anhalt
23%
SWFV Südwestdeutscher Fußballverband
19%
FLVW Fußball- und Leichtathletik-Verband Westfalen
6%
FLB Fußball-Landesverband Brandenburg
4%
LFVMV Landesfußball­verband Mecklenburg-Vorpommern
0%
Keine übereinstimmenden Quizze gefunden
Verteilung der Resultate
Anzahl Personen mit jedem Resultat
Perzentil nach korrekt beantworteten Fragen
Ihre Resultats-Entwicklung
Sie haben dieses Quiz noch nicht gespielt